000 00660nam a2200193Ia 4500
008 151121s9999||||xx |||||||||||||| ||und||
082 _a418।3/
082 _bHNW-62885
100 _aप्रकाशक
245 _aप्रशासन वाक्यप्रयोग
260 _b"भाषा संचालनालय, महाराष्ट्र शासन।"
260 _c--
300 _a214
600 _aप्रकाशक
630 _aप्रशासन वाक्यप्रयोग
700 _aप्रकाशक
730 _aप्रशासन वाक्यप्रयोग
942 _cBOOK
999 _c1244420
_d1244417